Proclaiming Christ in Christ's way : (Record no. 2912)

MARC details
000 -LEADER
fixed length control field 01020cam a2200301 a 4500
001 - CONTROL NUMBER
control field 3016654
003 - CONTROL NUMBER IDENTIFIER
control field GBCCL
005 - DATE AND TIME OF LATEST TRANSACTION
control field 20241126110443.0
008 - FIXED-LENGTH DATA ELEMENTS--GENERAL INFORMATION
fixed length control field 930121s1989 enkac b 01000 eng d
015 ## -
-- GB89-2702
020 ## - INTERNATIONAL STANDARD BOOK NUMBER
International Standard Book Number 187034507X (pbk.) :
Terms of availability �7.95
035 ## - SYSTEM CONTROL NUMBER
System control number (OCoLC)ocn685320799
035 ## - SYSTEM CONTROL NUMBER
System control number (CStRLIN)CTYT93-B21
035 ## - SYSTEM CONTROL NUMBER
System control number 3016654
040 ## - CATALOGING SOURCE
Original cataloging agency Uk
Transcribing agency Uk
Modifying agency DLC
-- CStRLIN
-- NNUT
082 04 - DEWEY DECIMAL CLASSIFICATION NUMBER
Classification number 269.2
Edition information 19
Item number PRO
090 ## - LOCALLY ASSIGNED LC-TYPE CALL NUMBER (OCLC); LOCAL CALL NUMBER (RLIN)
Classification number (OCLC) (R) ; Classification number, CALL (RLIN) (NR) 012354
245 00 - TITLE STATEMENT
Title Proclaiming Christ in Christ's way :
Remainder of title studies in integral evangelism : essays presented to Walter Arnold on the occasion of his 60th birthday /
Statement of responsibility, etc. edited by Vinay Samuel and Albrecht Hauser.
260 ## - PUBLICATION, DISTRIBUTION, ETC.
Place of publication, distribution, etc. Oxford :
Name of publisher, distributor, etc. Regnum,
Date of publication, distribution, etc. c1989.
300 ## - PHYSICAL DESCRIPTION
Extent 228 p. :
Other physical details ill., port. ;
Dimensions 22 cm.
504 ## - BIBLIOGRAPHY, ETC. NOTE
Bibliography, etc. note Includes bibliographical references.
600 10 - SUBJECT ADDED ENTRY--PERSONAL NAME
Personal name Arnold, Walter.
9 (RLIN) 6083
650 #0 - SUBJECT ADDED ENTRY--TOPICAL TERM
Topical term or geographic name entry element Evangelistic work
General subdivision Philosophy.
9 (RLIN) 2225
650 #0 - SUBJECT ADDED ENTRY--TOPICAL TERM
Topical term or geographic name entry element Evangelistic work.
9 (RLIN) 290
700 1# - ADDED ENTRY--PERSONAL NAME
Personal name Samuel, Vinay.
9 (RLIN) 2210
700 1# - ADDED ENTRY--PERSONAL NAME
Personal name Hauser, Albrecht.
9 (RLIN) 6084
942 ## - ADDED ENTRY ELEMENTS (KOHA)
Source of classification or shelving scheme Dewey Decimal Classification
Koha item type Books
Koha issues (borrowed), all copies 1
Holdings
Withdrawn status Lost status Source of classification or shelving scheme Damaged status Not for loan Home library Current Library Shelving location Date acquired Total checkouts Full call number Barcode Date last seen Date last checked out Copy number Price effective from Koha item type
    Dewey Decimal Classification     GRACE BIBLE COLLEGE GRACE BIBLE COLLEGE Ministry & Mission 2017-10-09 1 269.2 PRO 006284 2025-05-01 2024-03-01 c.1 2017-10-09 Books
© Grace Bible College Library 2025